Исследование процесса разделения смеси гексафторида урана и фторида водорода методом селективной сорбции на гранулах фторида лития: автореферат диссертации на соискание ученой степени кандидата технических наук; спец. 05.17.02

Podrobná bibliografie
Hlavní autor: Кобзарь Н. Ю. Николай Юрьевич
Korporace: Сибирский химический комбинат (СХК), Национальный исследовательский ядерный университет "МИФИ" Северский технологический институт (СТИ)
Další autoři: Софронов В. Л. Владимир Леонидович (научный руководитель)
Shrnutí:Защита сост. 17.12.2010 г.
Jazyk:ruština
Vydáno: Северск, 2010
Témata:
Médium: MixedMaterials Kniha
KOHA link:https://koha.lib.tpu.ru/cgi-bin/koha/opac-detail.pl?biblionumber=188898

MARC

LEADER 00000nam0a2200000 4500
001 188898
005 20231101224153.0
035 |a (RuTPU)RU\TPU\book\205193 
090 |a 188898 
100 |a 20101215d2010 k y0rusy50 ca 
101 0 |a rus 
102 |a RU 
105 |a a dm 001zy 
200 1 |a Исследование процесса разделения смеси гексафторида урана и фторида водорода методом селективной сорбции на гранулах фторида лития  |e автореферат диссертации на соискание ученой степени кандидата технических наук  |e спец. 05.17.02  |f Н. Ю. Кобзарь  |g Сибирский химический комбинат (СХК) ; Национальный исследовательский ядерный университет "МИФИ", Северский технологический институт (СТИ) ; науч. рук. В. Л. Софронов 
210 |a Северск  |d 2010 
215 |a 23 с.  |c ил. 
300 |a Защита сост. 17.12.2010 г. 
320 |a Библиогр.: с. 22-23 (12 назв.). 
606 1 |a Сорбенты  |x Синтез  |2 stltpush  |3 (RuTPU)RU\TPU\subj\31942  |9 54654 
610 1 |a фторид водорода 
610 1 |a фториды металлов 
610 1 |a соединения 
610 1 |a образование 
610 1 |a свойства 
610 1 |a гранулированные сорбенты 
610 1 |a промышленная эксплуатация 
610 1 |a газовые смеси 
610 1 |a сорбционная очистка 
610 1 |a сорбционное разделение 
610 1 |a авторефераты диссертаций 
675 |a 661.183(04)  |v 3 
686 |a 05.17.02  |2 oksvnk 
700 1 |a Кобзарь  |b Н. Ю.  |g Николай Юрьевич 
702 1 |a Софронов  |b В. Л.  |g Владимир Леонидович  |4 727 
712 0 2 |a Сибирский химический комбинат (СХК)  |c Федеральное государственное унитарное предприятие  |c (Северск)  |2 stltpush  |3 (RuTPU)RU\TPU\col\111 
712 0 2 |a Национальный исследовательский ядерный университет "МИФИ"  |b Северский технологический институт (СТИ)  |c (2009- )  |2 stltpush  |3 (RuTPU)RU\TPU\col\16394 
801 1 |a RU  |b 63413507  |c 20101215 
801 2 |a RU  |b 63413507  |c 20101227  |g RCR 
942 |c BK